000 00292nam a22001337a 4500
008 170421b xxu||||| |||| 00| 0 eng d
020 _a9780521423557
041 _aeng
080 _23RD
_a573
100 _a11
101 _aSHM
245 _aMICROBES AND MAN
_cPOSTGATE, J
942 _2udc
_cBK
999 _c11493
_d11493